<?xml version="1.0" encoding="UTF-8"?>
<record
    xmlns:xsi="http://www.w3.org/2001/XMLSchema-instance"
    xsi:schemaLocation="http://www.loc.gov/MARC21/slim http://www.loc.gov/standards/marcxml/schema/MARC21slim.xsd"
    xmlns="http://www.loc.gov/MARC21/slim">

  <leader>00521nam a2200097Ia 4500</leader>
  <controlfield tag="008">170517s9999    xx            000 0 und d</controlfield>
  <datafield tag="245" ind1=" " ind2=" ">
    <subfield code="a">Baby Beauty Queens</subfield>
  </datafield>
  <datafield tag="300" ind1=" " ind2=" ">
    <subfield code="a">As the American phenomenon of the children's beauty pageant hits the UK, this documentary uncovers a surreal new world where nine-year-olds get fake tans and seven-year-olds wear contact lenses. With the grand final of the first ever Mini Miss UK beauty contest taking...</subfield>
  </datafield>
  <datafield tag="650" ind1=" " ind2=" ">
    <subfield code="x">Art.</subfield>
  </datafield>
  <datafield tag="856" ind1=" " ind2=" ">
    <subfield code="u">http://topdocumentaryfilms.com/baby-beauty-queens/</subfield>
  </datafield>
  <datafield tag="999" ind1=" " ind2=" ">
    <subfield code="c">333117</subfield>
    <subfield code="d">333117</subfield>
  </datafield>
  <datafield tag="952" ind1=" " ind2=" ">
    <subfield code="0">0</subfield>
    <subfield code="1">0</subfield>
    <subfield code="4">0</subfield>
    <subfield code="a">CL</subfield>
    <subfield code="b">CL</subfield>
    <subfield code="d">2017-05-17</subfield>
    <subfield code="l">0</subfield>
    <subfield code="r">2017-05-17 00:00:00</subfield>
    <subfield code="w">2017-05-17</subfield>
    <subfield code="y">DF</subfield>
  </datafield>
</record>
